00531 2200193 4500001002100000005001500021035002000036245006400056100001800120250002000138300002600158856003600184260003700220082001000257084001600267020002200283990001600305990001600321INLIS00000000000043020200228080646 a0010-02200001751 aTak lekang oleh panas tak lapuk oleh hujan /cHendra hilman0 aHendra hilman aCetakan Pertama a139 hlm ;c14 x 20 cm aPerpustakaan Umum Kota Makassar aJakarta :bPenebar plus +,c2015 a650.1 a650.1 HEN t a978-602-1279-20-5 a00000000704 a00000000705